000 00888nam a2200181Ia 4500
008 090124s9999 xx 000 0 und d
082 _b4974
100 _aदाते यशवंत रामकृष्ण
245 _a महाराष्ट्र वाक्यसंप्रदाय कोश विभाग 1ला अ-थ
250 _a0
260 _bमहाराष्ट्र कोशमंडळ लिमिटेड.
_c1942
300 _a668
600 _aदाते यशवंत रामकृष्ण
630 _a महाराष्ट्र वाक्यसंप्रदाय कोश विभाग 1ला अ-थ
700 _aदाते यशवंत रामकृष्ण
730 _a महाराष्ट्र वाक्यसंप्रदाय कोश विभाग 1ला अ-थ
942 _cBOOK
999 _c100663
_d100663